Psychology for Midwives (Record no. 252097)

MARC details
000 -LEADER
fixed length control field 00333pam a2200133a 44500
008 - FIXED-LENGTH DATA ELEMENTS--GENERAL INFORMATION
fixed length control field 230405s2009 xxu||||| |||| 00| 0 eng d
020 ## - INTERNATIONAL STANDARD BOOK NUMBER
International Standard Book Number 9788123917528
Terms of availability Rs.250/-
082 ## - DEWEY DECIMAL CLASSIFICATION NUMBER
Classification number 150
Item number PAR
100 ## - MAIN ENTRY--PERSONAL NAME
Personal name Paradice,Ruth
245 ## - TITLE STATEMENT
Title Psychology for Midwives
260 ## - PUBLICATION, DISTRIBUTION, ETC.
Place of publication, distribution, etc. New Delhi
Name of publisher, distributor, etc. CBS Pub.
Date of publication, distribution, etc. 2009
300 ## - PHYSICAL DESCRIPTION
Extent 266 p.
906 ## - LOCAL DATA ELEMENT F, LDF (RLIN)
a 003862

No items available.